000
00287nam a2200109Ia 4500
008
230907s9999||||xx |||||||||||||| ||und||
082
_a
621.4021
_b
FUN
245
0
_a
Fundamentals of engineering thermodynamics /
300
_a
xiv, 1042 pages :
650
_a
Textbooks.
_9
8511
942
_c
BK
999
_c
598665
_d
598665